Multiple imputation in practice : with examples using IVEware (Record no. 83321)

MARC details
000 -LEADER
fixed length control field 00899 a2200265 4500
003 - CONTROL NUMBER IDENTIFIER
control field CBULib
005 - DATE AND TIME OF LATEST TRANSACTION
control field 20231121110547.0
008 - FIXED-LENGTH DATA ELEMENTS--GENERAL INFORMATION
fixed length control field 231121b |||||||| |||| 00| 0 eng d
020 ## - INTERNATIONAL STANDARD BOOK NUMBER
International Standard Book Number 9781498770163
040 ## - CATALOGING SOURCE
Language of cataloging English
Transcribing agency CBULib
Description conventions rda
041 ## - LANGUAGE CODE
Language code of text/sound track or separate title eng
050 ## - LIBRARY OF CONGRESS CALL NUMBER
Classification number H 61.15 Eps
100 ## - MAIN ENTRY--PERSONAL NAME
Personal name Raghunathan, Trivellore
245 ## - TITLE STATEMENT
Title Multiple imputation in practice : with examples using IVEware
Statement of responsibility, etc / by Trivellore Raghunathan; Patricia A. Berglund and Peter W. Solenberger
260 ## - PUBLICATION, DISTRIBUTION, ETC. (IMPRINT)
Name of publisher, distributor, etc CRC Press,
Date of publication, distribution, etc 2018
Place of publication, distribution, etc Florida :
300 ## - PHYSICAL DESCRIPTION
Extent xiv, 250 pages : illustrations
336 ## - CONTENT TYPE
Source rdacontent
Content type term Text |
Content type code txt
337 ## - MEDIA TYPE
Source rdamedia
Media type term Unmediated |
Media type code n
338 ## - CARRIER TYPE
Source rdacarrier
Carrier type term Volume
Carrier type code nc
650 #0 - SUBJECT ADDED ENTRY--TOPICAL TERM
9 (RLIN) 1081
Topical term or geographic name as entry element MULTIVARIATE ANALYSIS
650 #0 - SUBJECT ADDED ENTRY--TOPICAL TERM
9 (RLIN) 1082
Topical term or geographic name as entry element MULTIVARIATE ANALYSIS -- DATA PROCESSING
700 ## - ADDED ENTRY--PERSONAL NAME
9 (RLIN) 1083
Personal name Berglund, Patricia A.
700 ## - ADDED ENTRY--PERSONAL NAME
9 (RLIN) 1084
Personal name Solenberger, Peter W.
942 ## - ADDED ENTRY ELEMENTS (KOHA)
Source of classification or shelving scheme
Koha item type MONOGRAPH
Holdings
Withdrawn status Lost status Source of classification or shelving scheme Damaged status Not for loan Collection code Permanent Location Current Location Shelving location Date acquired Source of acquisition Cost, normal purchase price Total Checkouts Full call number Barcode Date last seen Price effective from Koha item type Copy number
          CBU-Lusaka Campus CBU- LUSAKA CAMPUS CBU- LUSAKA CAMPUS General Stacks 11/21/2023 DON-BOOKAID 64.37   QA 276 Rag 752541 11/21/2023 11/21/2023 MONOGRAPH 2
          Main Library Open Access Collection CBU-MAIN LIBRARY, KITWE. CBU-MAIN LIBRARY, KITWE. General Stacks 11/21/2023 DON-BOOKAID 64.37   QA 276 Rag 752540 11/21/2023 11/21/2023 MONOGRAPH  
          Mpika Library Collection CBU-MPIKA LIBRARY, MPIKA CAMPUS. CBU-MAIN LIBRARY, KITWE. General Stacks 12/15/2023 Book Aid International 64.37   QA 276 Rag 752543 12/15/2023 12/15/2023 MONOGRAPH 4
          Main Library Open Access Collection CBU-MAIN LIBRARY, KITWE. CBU-MAIN LIBRARY, KITWE. General Stacks 12/15/2023 Book Aid International 64.37   QA 276 Rag 752544 12/15/2023 12/15/2023 MONOGRAPH 5
          Mpika Library Collection CBU-MPIKA LIBRARY, MPIKA CAMPUS. CBU-MPIKA LIBRARY, MPIKA CAMPUS. General Stacks 11/21/2023 DON-BOOKAID 64.37   QA 276 Rag 752542 11/21/2023 11/21/2023 MONOGRAPH 3